000 00897nam a2200217 a 4500
003 0
005 20250213093140.0
008 130129s19uu xx 00 eng d
050 _aPHS PT 2621.A26.M47
_b.Ep64 2012
100 _aEpres, Ma. Krissia Tedelyn Pacris.
245 _aThe significance of cultural zionism of the Jews on Frank Kafka's literary work :
_bthe metamorphosis /
_cMa. Krissia Tedelyn Pacris Epres.
260 _aLas PiƱas City, Philippines :
_bSouthville International School and Colleges,
_c2012.
300 _a21 pages :
_billustrations ;
_c28 cm.
504 _aIncludes bibliographical references.
600 _aKafka, Franz
_d1883-1924
_vCriticism and interpretation.
650 _aZionism
_xInfluence.
650 _aCultural Zionism
_xInfluence on literature.
650 _aJewish nationalism
_xLiterary influence.
650 _aZionism in literature.
942 _2lcc
_cPASS
999 _c98890
_d98890